[Event "12th American Continental"]
[Site "Medellin COL"]
[Date "2017.06.12"]
[Round "4.49"]
[White "Torres, Juan Camilo"]
[Black "Soto, Cristian Camilo"]
[Result "1/2-1/2"]
[WhiteElo "2275"]
[BlackElo "2102"]
[EventDate "2017.06.10"]
[PlyCount "78"]

1.d4 e6 2.c4 Nf6 3.Nf3 b6 4.g3 Bb7 5.Bg2 c5 6.d5 exd5 7.Nh4 g6 8.Nc3 Bg7 
9.Bg5 h6 10.Bxf6 Qxf6 11.O-O O-O 12.Nxd5 Bxd5 13.Qxd5 Nc6 14.Qxd7 Ne5 15.
Qa4 Rad8 16.Rad1 g5 17.Nf3 Nxf3+ 18.Bxf3 Qxb2 19.Qxa7 Rxd1 20.Rxd1 Qc2 21.
Rd7 Qxc4 22.Kg2 Qe6 23.Bd5 Qf5 24.e4 Qf6 25.h3 h5 26.Qb7 g4 27.hxg4 hxg4 
28.e5 Qg6 29.e6 fxe6 30.Bxe6+ Kh8 31.Qd5 Rxf2+ 32.Kxf2 Bd4+ 33.Ke1 Qb1+ 
34.Kd2 Qb2+ 35.Kd1 Qb1+ 36.Kd2 Qb2+ 37.Kd1 Qb1+ 38.Kd2 Qb2+ 39.Kd1 Qb1+ 
1/2-1/2

[Event "12th American Continental"]
[Site "Medellin COL"]
[Date "2017.06.12"]
[Round "4.51"]
[White "Garavito Galindo, Miguel Angel"]
[Black "Soto Gonzalez, Miguel Angel"]
[Result "1/2-1/2"]
[WhiteElo "2247"]
[BlackElo "2072"]
[EventDate "2017.06.10"]
[PlyCount "100"]

1.d4 Nf6 2.Nf3 g6 3.g3 Bg7 4.Bg2 O-O 5.O-O d6 6.c4 Nc6 7.Nc3 a6 8.b3 Rb8 
9.Bb2 b5 10.d5 Na5 11.cxb5 axb5 12.Nd4 b4 13.Ncb5 Bd7 14.a4 Nxd5 15.Bxd5 
c6 16.Nxc6 Nxc6 17.Bxg7 Kxg7 18.Qd2 Qb6 19.Rfc1 Ne5 20.Nd4 e6 21.Bg2 Rfc8 
22.Rxc8 Rxc8 23.a5 Qc5 24.Bb7 Rc7 25.a6 Bc8 26.Bxc8 Rxc8 27.Ra4 Ra8 28.Qe3
Nd7 29.Qd2 Nb6 30.Ra1 Nd5 31.e3 Qb6 32.Nc2 Rxa6 33.Rxa6 Qxa6 34.Nxb4 Nxb4 
35.Qxb4 Qc6 36.Qa4 Qc1+ 37.Kg2 Qb1 38.Qc4 d5 39.Qd4+ Kf8 40.b4 Ke8 41.g4 
Kd7 42.g5 Qf5 43.h4 Kc6 44.Qc5+ Kb7 45.f3 Qd3 46.Kg3 Qb1 47.Qe7+ Kb6 48.
Qc5+ Kb7 49.Kf4 Qf5+ 50.Kg3 Qb1 1/2-1/2

[Event "12th American Continental"]
[Site "Medellin COL"]
[Date "2017.06.12"]
[Round "4.53"]
[White "Cortes Orihuela, Javier"]
[Black "Obando Guzman, Soren Federico"]
[Result "1-0"]
[WhiteElo "2235"]
[BlackElo "1964"]
[EventDate "2017.06.10"]
[PlyCount "61"]

1.d4 Nf6 2.c4 e6 3.g3 d5 4.Nf3 Bb4+ 5.Bd2 Be7 6.Bg2 c6 7.Qc2 O-O 8.O-O 
Nbd7 9.Bf4 b6 10.Rd1 Ba6 11.Ne5 Rc8 12.Nc3 Bxc4 13.Nxc4 dxc4 14.e4 b5 15.
a4 a6 16.axb5 axb5 17.d5 cxd5 18.exd5 e5 19.Bg5 Qb6 20.Bh3 Bc5 21.Bxf6 
Nxf6 22.Bxc8 Rxc8 23.Qf5 Rd8 24.d6 Bd4 25.d7 g6 26.Qf3 Kg7 27.Ra8 Qc7 28.
Rda1 e4 29.Qe2 e3 30.f3 Bxc3 31.bxc3 1-0

[Event "12th American Continental"]
[Site "Medellin COL"]
[Date "2017.06.12"]
[Round "4.58"]
[White "Lotero Correa, Faiber"]
[Black "Blandon Villa, Luis Guillermo"]
[Result "1/2-1/2"]
[WhiteElo "2092"]
[BlackElo "2269"]
[EventDate "2017.06.10"]
[PlyCount "31"]

1.e4 c5 2.Nf3 d6 3.d4 cxd4 4.Qxd4 a6 5.h3 Nc6 6.Qe3 g6 7.c4 Bg7 8.Be2 Nf6 
9.Nc3 O-O 10.O-O Nd7 11.Rb1 e5 12.Nd5 Nc5 13.b4 Nxe4 14.Nb6 Nc3 15.Nxa8 
Nxb1 16.Bb2 1/2-1/2

[Event "12th American Continental"]
[Site "Medellin COL"]
[Date "2017.06.12"]
[Round "4.60"]
[White "Cano Acosta, Luis Fernando"]
[Black "Dominguez Rincon, Miller"]
[Result "1/2-1/2"]
[WhiteElo "2264"]
[BlackElo "2066"]
[EventDate "2017.06.10"]
[PlyCount "72"]

1.e4 e5 2.Nf3 Nc6 3.Bb5 a6 4.Ba4 Nf6 5.d3 d6 6.O-O b5 7.Bb3 Na5 8.h3 Be7 
9.Nc3 O-O 10.Ne2 h6 11.Ng3 Re8 12.Nh2 Nxb3 13.axb3 d5 14.Qe2 Bb7 15.Ng4 
Bf8 16.f4 dxe4 17.fxe5 exd3 18.cxd3 Nxg4 19.Qxg4 Re6 20.Qf5 Bc5+ 21.Kh2 
Qd5 22.Qxf7+ Kh8 23.Qf3 Rxe5 24.Ne4 Rf8 25.Bf4 Bd4 26.Qe2 Ref5 27.Bxc7 Qf7
28.Rfc1 Qg6 29.Bg3 Rf2 30.Bxf2 Rxf2 31.Qg4 Qxg4 32.hxg4 Rxb2 33.Rab1 Ra2 
34.Rd1 a5 35.Rd2 Ra3 36.Kh3 Bd5 1/2-1/2

[Event "12th American Continental"]
[Site "Medellin COL"]
[Date "2017.06.12"]
[Round "4.63"]
[White "Zapata Hincapie, Jhon Alexander"]
[Black "Vittorino Ocampo, Carlo Giovanni"]
[Result "0-1"]
[WhiteElo "2055"]
[BlackElo "2257"]
[EventDate "2017.06.10"]
[PlyCount "110"]

1.e4 e5 2.Nf3 Nc6 3.Bb5 a6 4.Ba4 Nge7 5.O-O g6 6.d4 exd4 7.Nxd4 Bg7 8.Nxc6
Nxc6 9.c3 O-O 10.Be3 b5 11.Bc2 b4 12.Qc1 Bb7 13.cxb4 Nxb4 14.Bc5 Nxc2 15.
Bxf8 Nd4 16.Qc4 Qxf8 17.Rd1 Ne6 18.Nc3 Bxc3 19.Qxc3 d6 20.f3 Qg7 21.Qb4 
Nc5 22.Rac1 Qe5 23.Kh1 a5 24.Qd2 a4 25.Rc3 Ra6 26.Rdc1 Rb6 27.h3 Kg7 28.
R1c2 h5 29.Qe3 Rb4 30.Qd2 g5 31.Kg1 h4 32.Kh1 Nxe4 33.a3 Ng3+ 34.Kg1 Ba6 
35.Qe3 Qxe3+ 36.Rxe3 Rc4 37.Rcc3 Rxc3 38.bxc3 Kf6 39.Kf2 Bb5 40.Re1 Ba6 
41.Rd1 Bb5 42.Rd2 Ba6 43.Rd4 Bb5 44.f4 Nf5 45.fxg5+ Kxg5 46.Rb4 Bc6 47.Rc4
Ne7 48.Rg4+ Kh5 49.Rg7 Bd5 50.Rh7+ Kg5 51.Rg7+ Kf6 52.Rh7 Kg5 53.Rg7+ Kf6 
54.Rg4 Bb3 55.Ke3 Nd5+ 0-1

[Event "12th American Continental"]
[Site "Medellin COL"]
[Date "2017.06.12"]
[Round "4.65"]
[White "Patino Garcia, Corals"]
[Black "Brito, Luismar"]
[Result "0-1"]
[WhiteElo "1967"]
[BlackElo "2250"]
[EventDate "2017.06.10"]
[PlyCount "54"]

1.d4 b6 2.e4 Bb7 3.Bd3 Nf6 4.Qe2 Nc6 5.c3 e5 6.Nf3 exd4 7.O-O Be7 8.Bg5 h6
9.Bd2 d5 10.e5 Ne4 11.cxd4 Ng5 12.Bxg5 hxg5 13.e6 f6 14.Bg6+ Kf8 15.g3 Qd6
16.Bf7 g4 17.Nh4 Rxh4 18.gxh4 Qf4 19.Qe3 Nxd4 20.Qxf4 Ne2+ 21.Kg2 Nxf4+ 
22.Kg3 Bd6 23.Kxg4 Ba6 24.Rg1 Ke7 25.Re1 c6 26.h5 Nd3 27.Re2 Ne5+ 0-1

[Event "12th American Continental"]
[Site "Medellin COL"]
[Date "2017.06.12"]
[Round "4.66"]
[White "Moccero, Eduardo"]
[Black "Markzon, Gregory"]
[Result "0-1"]
[WhiteElo "1953"]
[BlackElo "2222"]
[EventDate "2017.06.10"]
[PlyCount "40"]

1.e4 c5 2.c3 d6 3.d4 Nf6 4.dxc5 Nc6 5.cxd6 Nxe4 6.Bd3 Nxd6 7.Nf3 g6 8.O-O 
Bg7 9.Na3 O-O 10.Nc4 Nxc4 11.Bxc4 Qc7 12.h3 Bf5 13.Qe2 Rad8 14.Re1 h6 15.
g4 Bc8 16.Qe4 Kh7 17.Bf4 Qb6 18.Rab1 f5 19.Qc2 fxg4 20.Be3 Qa5 0-1

[Event "12th American Continental"]
[Site "Medellin COL"]
[Date "2017.06.12"]
[Round "4.67"]
[White "Zambrano Acebo, Junior"]
[Black "Blandon Villa, Diego"]
[Result "1-0"]
[WhiteElo "1933"]
[BlackElo "2220"]
[EventDate "2017.06.10"]
[PlyCount "37"]

1.g3 Nf6 2.Bg2 d5 3.c4 g6 4.cxd5 Nxd5 5.Nc3 Nb6 6.Nf3 Bg7 7.O-O O-O 8.d3 
Nc6 9.Rb1 Re8 10.Bd2 e5 11.b4 Nd4 12.Nxd4 exd4 13.Ne4 Nd5 14.Re1 h6 15.Qb3
Ne7 16.Nc5 Rb8 17.Qa4 a6 18.Bf4 Nd5 19.Bxd5 1-0

[Event "12th American Continental"]
[Site "Medellin COL"]
[Date "2017.06.12"]
[Round "4.68"]
[White "Quishpe Vaca, Andres"]
[Black "Chinchilla Miranda, Eugenio"]
[Result "1-0"]
[WhiteElo "1929"]
[BlackElo "2213"]
[EventDate "2017.06.10"]
[PlyCount "85"]

1.d4 Nf6 2.Bg5 e6 3.e4 h6 4.Bxf6 Qxf6 5.c3 d6 6.Bd3 c6 7.Ne2 g5 8.O-O e5 
9.Na3 Nd7 10.Nc2 Nb6 11.Ne3 Be6 12.b4 h5 13.a4 Nc8 14.d5 Bd7 15.dxc6 bxc6 
16.b5 Kd8 17.bxc6 Bxc6 18.Ng3 Ne7 19.Bb5 Bb7 20.Qd3 h4 21.Ngf5 Nxf5 22.
Nxf5 h3 23.g4 d5 24.exd5 Bc5 25.Bc6 Rb8 26.Rfb1 Kc7 27.Rxb7+ Rxb7 28.Bxb7 
Kxb7 29.d6 Rc8 30.Qd5+ Ka6 31.d7 Bxf2+ 32.Kxf2 Qb6+ 33.Kf1 Rd8 34.Qb5+ 
Qxb5+ 35.axb5+ Kxb5 36.Rd1 Kc6 37.Nh6 f6 38.Ng8 Rxd7 39.Rxd7 Kxd7 40.Nxf6+
Kc6 41.Ke2 a5 42.Kd3 Kb5 43.Ne4 1-0

[Event "12th American Continental"]
[Site "Medellin COL"]
[Date "2017.06.12"]
[Round "4.69"]
[White "Castrillon Gomez, Melissa"]
[Black "Cordero Loup, Ely Daniela"]
[Result "1/2-1/2"]
[WhiteElo "2210"]
[BlackElo "1979"]
[EventDate "2017.06.10"]
[PlyCount "85"]

1.e4 e6 2.d4 d5 3.e5 c5 4.c3 Nc6 5.Nf3 Nge7 6.a3 Bd7 7.b4 cxd4 8.cxd4 b5 
9.Bd3 a5 10.bxa5 Nxa5 11.O-O Ng6 12.Nc3 Nc4 13.Rb1 Rb8 14.Qb3 Be7 15.Nd2 
O-O 16.Qc2 Qa5 17.Ra1 Rfc8 18.Nxc4 dxc4 19.Bxg6 hxg6 20.Bd2 Qa7 21.Ne2 Bc6
22.Bb4 Bd8 23.Qc3 Bb6 24.Rad1 Qa8 25.f3 Rb7 26.Ng3 Ra7 27.Qe3 Qb8 28.Kh1 
Bd5 29.Bd6 Qb7 30.Ne4 Rca8 31.Bb4 Ba5 32.Nd6 Qd7 33.Bc5 Ra6 34.Rb1 Rb8 35.
Rfc1 Bc7 36.Rb2 Bxd6 37.exd6 Rba8 38.Re1 Bc6 39.Bb4 Ra4 40.Qc3 Qd8 41.Bc5 
R4a5 42.Rc2 Qh4 43.Kg1 1/2-1/2

[Event "12th American Continental"]
[Site "Medellin COL"]
[Date "2017.06.12"]
[Round "4.70"]
[White "Arango Arenas, Juan Camilo"]
[Black "Agudelo, Carlos Daniel"]
[Result "1-0"]
[WhiteElo "2198"]
[BlackElo "1924"]
[EventDate "2017.06.10"]
[PlyCount "67"]

1.e4 e5 2.Nf3 Nc6 3.d4 exd4 4.Bc4 Nf6 5.e5 d5 6.Bb5 Ne4 7.Nxd4 Bd7 8.Bxc6 
bxc6 9.O-O Be7 10.f3 Nc5 11.f4 Ne6 12.f5 Nxd4 13.Qxd4 f6 14.e6 Bc8 15.Qg4 
Kf8 16.Nc3 Qe8 17.Bf4 Rb8 18.b3 g5 19.Bxc7 Rb4 20.Qg3 h5 21.Qf2 Ba6 22.
Rfe1 Qc8 23.Ba5 Rb7 24.Na4 c5 25.Rad1 d4 26.c3 Bb5 27.cxd4 Bxa4 28.bxa4 
cxd4 29.Kh1 Qb8 30.Qxd4 h4 31.a3 h3 32.Re2 hxg2+ 33.Rxg2 Rb1 {mal digitada
} 34.Bd2 1-0

[Event "12th American Continental"]
[Site "Medellin COL"]
[Date "2017.06.12"]
[Round "4.71"]
[White "Arboleda Orozco, Juan Manuel"]
[Black "Restrepo Loaiza, Luis Fernando"]
[Result "0-1"]
[WhiteElo "1927"]
[BlackElo "2167"]
[EventDate "2017.06.10"]
[PlyCount "94"]

1.e4 c5 2.Nf3 d6 3.d4 cxd4 4.Nxd4 Nf6 5.Nc3 a6 6.Bc4 e6 7.Bb3 Be7 8.g4 O-O
9.Rg1 Nc6 10.Be3 Nd7 11.Qe2 Nc5 12.O-O-O Nxd4 13.Bxd4 Bd7 14.g5 b5 15.Qh5 
Nxb3+ 16.axb3 b4 17.Na4 e5 18.Bb6 Qe8 19.Rd3 f5 20.Qxe8 Raxe8 21.f3 Bc6 
22.Bc7 fxe4 23.fxe4 Bxe4 24.Rd2 Rf5 25.h4 d5 26.Nb6 Bc5 27.Re1 Bf2 28.Rf1 
Be3 29.Rxf5 Bxf5 30.Nxd5 Bxd2+ 31.Kxd2 Kf7 32.Nxb4 Re6 33.c4 Kg6 34.c5 Kh5
35.Bd8 Kxh4 36.g6+ Kg3 37.gxh7 Bxh7 38.Ke3 Bf5 39.c6 g5 40.c7 Rd6 41.Be7 
Rb6 42.Bc5 Rb5 43.Bd6 Kh3 44.Kf2 g4 45.Nxa6 g3+ 46.Ke1 Rd5 47.Bc5 Rxc5 0-1

[Event "12th American Continental"]
[Site "Medellin COL"]
[Date "2017.06.12"]
[Round "4.72"]
[White "Morera Campos, Hazel Maria"]
[Black "Castaneda Arregoces, Jorge Luis"]
[Result "0-1"]
[WhiteElo "1859"]
[BlackElo "2155"]
[EventDate "2017.06.10"]
[PlyCount "88"]

1.e4 c5 2.Nc3 g6 3.g3 Bg7 4.Bg2 Nc6 5.d3 e6 6.Be3 d6 7.Qd2 Rb8 8.Nge2 Nd4 
9.O-O Ne7 10.f4 O-O 11.Rae1 b5 12.Nd1 b4 13.Nc1 a5 14.Nf2 a4 15.c3 bxc3 
16.bxc3 Nb5 17.e5 Nf5 18.Ne4 Nxe3 19.Qxe3 dxe5 20.fxe5 Bxe5 21.Qxc5 Bg7 
22.Kh1 Bb7 23.Qxb5 Bxe4 24.Qxa4 Bxg2+ 25.Kxg2 Bxc3 26.Re2 Rb4 27.Qc6 Bb2 
28.Nb3 Bg7 29.Qf3 Rb5 30.Re3 Rd5 31.Qe2 Qa8 32.Ref3 Rfd8 33.Qe4 Qxa2+ 34.
R1f2 Qxb3 35.Rxf7 Rf5 36.R2xf5 gxf5 37.Rxg7+ Kxg7 38.Qe5+ Kg8 39.Qf6 Qd5+ 
40.Kh3 f4 41.g4 Rf8 42.Qh6 Qxd3+ 43.Kg2 f3+ 44.Kf2 Qe2+ 0-1

[Event "12th American Continental"]
[Site "Medellin COL"]
[Date "2017.06.12"]
[Round "4.73"]
[White "Builes Palacio, Santiago"]
[Black "Sanchez Castillo, Sarai"]
[Result "0-1"]
[WhiteElo "1756"]
[BlackElo "2154"]
[EventDate "2017.06.10"]
[PlyCount "70"]

1.e4 e6 2.d4 d5 3.Nd2 Nf6 4.e5 Nfd7 5.Bd3 c5 6.c3 Nc6 7.Ne2 cxd4 8.cxd4 f6
9.exf6 Qxf6 10.Nf3 Bd6 11.Bg5 Qf7 12.Bh4 Bb4+ 13.Nd2 e5 14.dxe5 Ndxe5 15.
Bb5 a6 16.Bxc6+ bxc6 17.O-O O-O 18.Bg3 Ng6 19.Nd4 Bd7 20.Rc1 Qf6 21.N2b3 
Rae8 22.Qd3 Re4 23.f3 Nf4 24.Bxf4 Rxf4 25.g3 Qg5 26.Nxc6 Bd6 27.Kg2 Rh4 
28.f4 Rhxf4 29.Rxf4 Rxf4 30.Ncd4 Rf8 31.Nf3 Qh5 32.h4 Bxg3 33.Ng5 Bxh4 34.
Qxd5+ Kh8 35.Nh3 Qxd5+ 0-1

[Event "12th American Continental"]
[Site "Medellin COL"]
[Date "2017.06.12"]
[Round "4.74"]
[White "Cardoso Cardoso, Jaidy Marcela"]
[Black "Moran Reyes, Paulo"]
[Result "0-1"]
[WhiteElo "1711"]
[BlackElo "2129"]
[EventDate "2017.06.10"]
[PlyCount "120"]

1.d4 Nf6 2.c4 e6 3.Nf3 Bb4+ 4.Bd2 Qe7 5.a3 Bxd2+ 6.Qxd2 a5 7.Nc3 d6 8.g3 
O-O 9.Bg2 e5 10.d5 Nbd7 11.O-O Nc5 12.Qc2 a4 13.Nd2 Bg4 14.b4 axb3 15.Nxb3
Nxb3 16.Qxb3 b6 17.Ra2 Nd7 18.a4 Nc5 19.Qc2 Ra5 20.Nb5 Rfa8 21.Rfa1 Bh5 
22.Bh3 Bg6 23.Qd1 Kh8 24.Ra3 f6 25.e3 Be8 26.Bf5 g6 27.Bc2 Bxb5 28.cxb5 f5
29.Qd2 Kg7 30.Qd1 Qf6 31.Qd2 Re8 32.Qc3 e4 33.Qxf6+ Kxf6 34.Rd1 Ke5 35.Rd4
Rea8 36.Rc3 R8a7 37.Rcc4 Nd7 38.Bb3 Kf6 39.Bd1 Ne5 40.Rc3 Nd3 41.Bb3 Nc5 
42.Bc2 g5 43.Rcc4 g4 44.Kg2 h5 45.Kf1 Ra8 46.Kg2 Rh8 47.Rd1 h4 48.h3 gxh3+
49.Kxh3 hxg3+ 50.Kxg3 Raa8 51.Kg2 Rag8+ 52.Kf1 Rh1+ 53.Ke2 Rh2 54.Rcd4 
Rgg2 55.Rf1 Ke5 56.Rd2 Nd7 57.Kd1 Nf6 58.Bb3 Ng4 59.Rc2 Nxf2+ 60.Kc1 Nd3+ 
0-1

[Event "12th American Continental"]
[Site "Medellin COL"]
[Date "2017.06.12"]
[Round "4.76"]
[White "Escobar Medina, Andres"]
[Black "Toro Castaneda, Elizabeth"]
[Result "1-0"]
[WhiteElo "2343"]
[BlackElo "1953"]
[EventDate "2017.06.10"]
[PlyCount "81"]

1.d4 Nf6 2.Nc3 d5 3.Bf4 c5 4.e3 a6 5.a3 e6 6.Nf3 Nc6 7.Bd3 Bd6 8.Bg3 Qe7 
9.O-O O-O 10.Bh4 cxd4 11.exd4 Rd8 12.Re1 Bc7 13.Ne2 e5 14.dxe5 Nxe5 15.
Ned4 Nxf3+ 16.Qxf3 Qd6 17.Bg3 Qb6 18.Bxc7 Qxc7 19.c3 Bg4 20.Qg3 Qxg3 21.
hxg3 Kf8 22.f3 Bd7 23.Kf2 g6 24.g4 Re8 25.Bc2 Rxe1 26.Rxe1 Re8 27.Rh1 Kg8 
28.Bb3 g5 29.Nc2 Be6 30.Re1 Bd7 31.Rxe8+ Bxe8 32.Ke3 Kf8 33.Kd4 Bc6 34.Nb4
Ke7 35.Nxd5+ Bxd5 36.Bxd5 b6 37.b4 Nd7 38.Bb7 a5 39.bxa5 bxa5 40.Be4 h6 
41.Bf5 1-0

[Event "12th American Continental"]
[Site "Medellin COL"]
[Date "2017.06.12"]
[Round "4.77"]
[White "Gamboa Alvarado, Olga Leticia"]
[Black "Romero Barreto, Jaime Jose"]
[Result "0-1"]
[WhiteElo "1925"]
[BlackElo "2266"]
[EventDate "2017.06.10"]
[PlyCount "108"]

1.d4 Nf6 2.c4 d6 3.Nc3 Nbd7 4.e4 e5 5.Nf3 Be7 6.Be2 O-O 7.O-O c6 8.b3 Re8 
9.Bb2 Bf8 10.Qc2 exd4 11.Nxd4 Nc5 12.f3 Ne6 13.Nxe6 Bxe6 14.Kh1 Nh5 15.f4 
Qh4 16.Bxh5 Qxh5 17.f5 Bd7 18.Rf3 f6 19.Rd1 Rad8 20.Qf2 a6 21.Rh3 Qf7 22.
Qh4 h6 23.Rf3 Kh7 24.Bc1 b5 25.cxb5 axb5 26.Qg4 Kh8 27.Ne2 d5 28.exd5 Re5 
29.Nd4 Rxd5 30.Rdf1 c5 31.Ne6 Re8 32.Re3 Bxe6 33.fxe6 Qh5 34.Qe4 Bd6 35.
Rh3 Rd1 36.Qf3 Qxf3 37.Rxf3 Rxf1+ 38.Rxf1 Rxe6 39.Rd1 Re2 40.a4 bxa4 41.
bxa4 Be5 42.Ba3 c4 43.a5 Ra2 44.Bb4 c3 45.g3 c2 46.Rc1 Bd4 47.Bd2 Bc5 48.
a6 Ba3 49.Rf1 Bb2 50.Bc1 Ra1 51.a7 Bxc1 52.a8=Q+ Rxa8 53.Rxc1 Rc8 54.Kg2 
Kh7 0-1

[Event "12th American Continental"]
[Site "Medellin COL"]
[Date "2017.06.12"]
[Round "4.78"]
[White "Sanchez Alvarez, Kelvin Antonio"]
[Black "Moyses Sobrinho, Elias"]
[Result "1-0"]
[WhiteElo "2257"]
[BlackElo "1938"]
[EventDate "2017.06.10"]
[PlyCount "63"]

1.e4 e5 2.Nf3 Nc6 3.d4 exd4 4.Nxd4 Nxd4 5.Qxd4 Qf6 6.Qe3 Bb4+ 7.c3 Ba5 8.
Bd3 Bb6 9.Qg3 d6 10.Nd2 Be6 11.Nf3 h6 12.a4 a6 13.a5 Ba7 14.O-O Ne7 15.Qf4
Qxf4 16.Bxf4 Ng6 17.Bg3 O-O 18.Nd4 Bd7 19.Kh1 Ne5 20.Bc2 Nc6 21.Ne2 f5 22.
f3 Rae8 23.Nf4 Ne7 24.Bb3+ Kh7 25.Be6 Bc6 26.Nd5 Bxd5 27.exd5 f4 28.Be1 
Nf5 29.c4 Ne3 30.Rf2 Re7 31.Re2 Nxc4 32.Bf5+ 1-0

[Event "12th American Continental"]
[Site "Medellin COL"]
[Date "2017.06.12"]
[Round "4.79"]
[White "Remicio Duque, John"]
[Black "Martinez Romero, Mauricio"]
[Result "1/2-1/2"]
[WhiteElo "2110"]
[BlackElo "1931"]
[EventDate "2017.06.10"]
[PlyCount "121"]

1.Nf3 Nf6 2.d4 d6 3.Bf4 g6 4.e3 Nh5 5.Bg5 h6 6.Bh4 g5 7.Nfd2 Ng7 8.Bg3 Nf5
9.Bd3 Bg7 10.c3 Nxg3 11.fxg3 d5 12.O-O Be6 13.a4 Nd7 14.Qb3 Rb8 15.Na3 a6 
16.Rf2 c5 17.Qc2 cxd4 18.exd4 Rc8 19.Nb3 Qb6 20.a5 Qd6 21.Qe2 Nf6 22.Nc5 
Rxc5 23.dxc5 Qxc5 24.h3 Qxa5 25.Nc2 Qc7 26.Nd4 Bd7 27.Re1 O-O 28.Kh2 e6 
29.Bb1 Bc8 30.Rxf6 Bxf6 31.Qd3 Re8 32.Qh7+ Kf8 33.Qxh6+ Bg7 34.Qxg5 Bxd4 
35.cxd4 f5 36.Bxf5 Qg7 37.Qe3 Qf6 38.Bd3 Kg8 39.Rf1 Qg7 40.Qe5 Rf8 41.Rf4 
Qxe5 42.dxe5 Bd7 43.Rxf8+ Kxf8 44.g4 a5 45.Kg3 b5 46.Kf2 a4 47.Ke3 b4 48.
Kd4 a3 49.bxa3 bxa3 50.Kc3 Ba4 51.Bb1 d4+ 52.Kxd4 Bb3 53.Kc5 a2 54.Bxa2 
Bxa2 55.Kd6 Kf7 56.h4 Bd5 57.g3 Bf3 58.g5 Bg4 59.Kd7 Kg6 60.Ke7 Bf5 61.Kf8
1/2-1/2

[Event "12th American Continental"]
[Site "Medellin COL"]
[Date "2017.06.12"]
[Round "4.80"]
[White "Echavarria Ramirez, Juan Diego"]
[Black "Zapata Cuartas, Juan Carlos"]
[Result "0-1"]
[WhiteElo "1924"]
[BlackElo "2110"]
[EventDate "2017.06.10"]
[PlyCount "50"]

1.d4 Nf6 2.c4 e6 3.Nf3 b6 4.g3 Ba6 5.b3 Bb4+ 6.Bd2 Be7 7.Bc3 O-O 8.Nbd2 c6
9.Bg2 d5 10.O-O Nbd7 11.Qc2 Rc8 12.Rfe1 c5 13.dxc5 Bxc5 14.Qb2 dxc4 15.
bxc4 Qc7 16.Ne5 Bxf2+ 17.Kxf2 Nxe5 18.Kg1 Neg4 19.e3 Bxc4 20.Rac1 b5 21.h3
Qxg3 22.hxg4 Nxg4 23.Nf3 f6 24.Rcd1 Rc5 25.Bb4 Rf5 0-1

[Event "12th American Continental"]
[Site "Medellin COL"]
[Date "2017.06.12"]
[Round "4.81"]
[White "Chirivi Castiblanco, Angie Lizeth"]
[Black "Rodriguez Arrieta, Maria Elena"]
[Result "1-0"]
[WhiteElo "2105"]
[BlackElo "1926"]
[EventDate "2017.06.10"]
[PlyCount "129"]

1.Nf3 Nf6 2.b3 d5 3.Bb2 Bf5 4.e3 e6 5.g3 Be7 6.Bg2 h6 7.O-O c5 8.c4 Nc6 9.
d4 O-O 10.Nc3 Rc8 11.Nh4 Bh7 12.dxc5 dxc4 13.bxc4 Bxc5 14.Rc1 Qe7 15.Qa4 
Rfd8 16.Rfd1 Nb4 17.Bf1 Rxd1 18.Nxd1 Nd3 19.Rc2 Rd8 20.Bc3 Bb6 21.Rd2 Nc5 
22.Qa3 Rxd2 23.Bxd2 Nfe4 24.Be1 Qd7 25.Nb2 Nd2 26.Be2 Qd8 27.Na4 Nxa4 28.
Qxa4 Ne4 29.Nf3 Nc5 30.Qb4 Nd3 31.Bxd3 Bxd3 32.c5 Qd5 33.cxb6 Qxf3 34.bxa7
b5 35.Qf4 Be4 36.Qxf3 Bxf3 37.Bb4 h5 38.Kf1 f6 39.Ke1 Kf7 40.Kd2 Ke8 41.
Kc3 Kd7 42.Kd4 Kc7 43.Bf8 g6 44.Be7 Kb7 45.Kc5 Be2 46.Bxf6 Kxa7 47.a3 Kb7 
48.Kd6 Bc4 49.Ke7 Kc6 50.Kf7 Kd5 51.Kxg6 Be2 52.Bd4 Ke4 53.f4 Bg4 54.Kg5 
Kf3 55.Bc5 Ke4 56.Bb6 Kf3 57.Kh4 Ke4 58.h3 Be2 59.g4 hxg4 60.hxg4 Bf3 61.
Kg5 Be2 62.Bd4 Bd1 63.f5 exf5 64.gxf5 Kd5 65.f6 1-0

[Event "12th American Continental"]
[Site "Medellin COL"]
[Date "2017.06.12"]
[Round "4.84"]
[White "Croes, Octavio"]
[Black "Caceres Vasquez, Sergio"]
[Result "0-1"]
[WhiteElo "1888"]
[BlackElo "2094"]
[EventDate "2017.06.10"]
[PlyCount "31"]

1.d4 Nf6 2.c4 e6 3.Nf3 b6 4.e3 Ba6 5.b3 Bb4+ 6.Bd2 Be7 7.Be2 c6 8.O-O d5 
9.Ne5 Nfd7 10.Nxd7 Nxd7 11.cxd5 cxd5 12.Bc3 Rc8 13.Re1 O-O 14.Bb2 b5 15.
Nd2 Qb6 16.Bh5 0-1

[Event "12th American Continental"]
[Site "Medellin COL"]
[Date "2017.06.12"]
[Round "4.85"]
[White "Benavides Montenegro, Maicol"]
[Black "Martinez Murcia, John Alexander"]
[Result "0-1"]
[WhiteElo "2090"]
[BlackElo "1912"]
[EventDate "2017.06.10"]
[PlyCount "62"]

1.e4 c5 2.Nf3 Nc6 3.d4 cxd4 4.Nxd4 Nf6 5.Nc3 e5 6.Ndb5 d6 7.Bg5 a6 8.Na3 
b5 9.Bxf6 gxf6 10.Nd5 Bg7 11.c3 O-O 12.Bd3 Ne7 13.Qf3 Nxd5 14.exd5 Re8 15.
O-O Qd7 16.Rae1 f5 17.Bb1 e4 18.Qf4 Be5 19.Qg5+ Kh8 20.f3 Rg8 21.Qh5 Qe7 
22.fxe4 Rg5 23.Qf3 f4 24.Nc2 Bg4 25.Qd3 Rag8 26.Rf2 Rh5 27.Nd4 Qh4 28.h3 
Bxh3 29.Nf3 Qg3 30.Nxe5 Qh2+ 31.Kf1 Rxg2 0-1

[Event "12th American Continental"]
[Site "Medellin COL"]
[Date "2017.06.12"]
[Round "4.87"]
[White "Castano Grajales, Jhon Edison"]
[Black "Echavarria, Gustavo"]
[Result "1-0"]
[WhiteElo "2088"]
[BlackElo "1902"]
[EventDate "2017.06.10"]
[PlyCount "77"]

1.d4 Nf6 2.c4 e6 3.Nc3 Bb4 4.Bd2 O-O 5.e3 b6 6.Qf3 d5 7.Bd3 Bb7 8.Nge2 
Nbd7 9.Qh3 dxc4 10.Bxc4 Qe7 11.Ng3 Rfd8 12.O-O c5 13.Rfe1 Nf8 14.Rad1 cxd4
15.exd4 Qc7 16.Bb3 Bxc3 17.bxc3 Nd5 18.c4 Nf4 19.Bxf4 Qxf4 20.d5 exd5 21.
cxd5 Bc8 22.Ne2 Qb4 23.Qc3 Qd6 24.Qg3 Bb7 25.Nc3 Qb4 26.Re4 Qd6 27.Qe3 Nd7
28.Re7 Kf8 29.Re1 Nc5 30.Nb5 Qf6 31.Nc7 Ne6 32.Nxe6+ Kxe7 33.Nxd8+ Kxd8 
34.Qe8+ Kc7 35.Re7+ Kd6 36.Qd7+ Kc5 37.Qc7+ Kb4 38.Re4+ Ka3 39.Qc1+ 1-0

[Event "12th American Continental"]
[Site "Medellin COL"]
[Date "2017.06.12"]
[Round "4.88"]
[White "Gonzalez Rodriguez, Eleicer"]
[Black "Cadavid Osorio, Juan Miguel"]
[Result "1/2-1/2"]
[WhiteElo "2078"]
[BlackElo "1894"]
[EventDate "2017.06.10"]
[PlyCount "69"]

1.e4 c5 2.Nf3 e6 3.d4 cxd4 4.Nxd4 a6 5.c4 Nf6 6.Bd3 Qc7 7.Nc3 d6 8.O-O g6 
9.Be3 Bg7 10.Rc1 O-O 11.h3 Nbd7 12.b4 b6 13.f4 Bb7 14.f5 Rae8 15.fxe6 fxe6
16.Nf3 Qb8 17.Bb1 d5 18.cxd5 exd5 19.e5 Nxe5 20.Nxe5 Qxe5 21.Bxb6 Nd7 22.
Rxf8+ Rxf8 23.Ba7 d4 24.Qd2 dxc3 25.Qxd7 Qg5 26.Rc2 Bxg2 27.Qe6+ Kh8 28.
Rxg2 Qc1+ 29.Kh2 Qxb1 30.Bc5 Rg8 31.Qe3 c2 32.Bd4 c1=Q 33.Bxg7+ Kxg7 34.
Qe7+ Kh6 35.Qh4+ 1/2-1/2

[Event "12th American Continental"]
[Site "Medellin COL"]
[Date "2017.06.12"]
[Round "4.89"]
[White "Arosemena, Franklin Alberto"]
[Black "Alvarez Zuluaga, Alvaro"]
[Result "1-0"]
[WhiteElo "1881"]
[BlackElo "2077"]
[EventDate "2017.06.10"]
[PlyCount "41"]

1.e4 c5 2.Nf3 e6 3.d4 cxd4 4.Nxd4 Nf6 5.Nc3 Nc6 6.Nxc6 bxc6 7.Bd3 Qc7 8.
O-O Rb8 9.Qf3 Bd6 10.h3 h5 11.g3 Rg8 12.Bg5 Rxb2 13.Bxf6 gxf6 14.e5 Bxe5 
15.Ne4 f5 16.Nd2 Rb4 17.Rae1 Bxg3 18.Qxf5 Bxf2+ 19.Kh1 Bxe1 20.Qxf7+ Kd8 
21.Qf6+ 1-0

[Event "12th American Continental"]
[Site "Medellin COL"]
[Date "2017.06.12"]
[Round "4.90"]
[White "Renteria, Rolando"]
[Black "Martinez Paipa, Hernan"]
[Result "1-0"]
[WhiteElo "2077"]
[BlackElo "1893"]
[EventDate "2017.06.10"]
[PlyCount "41"]

1.e4 c5 2.Nf3 d6 3.d4 cxd4 4.Nxd4 Nf6 5.Nc3 a6 6.Bg5 e6 7.Bc4 Nc6 8.Bb3 
Bd7 9.Qd2 Rc8 10.O-O-O Ne5 11.f4 Ng6 12.f5 exf5 13.exf5 Ne5 14.Nf3 Nxf3 
15.gxf3 Be7 16.Rhe1 O-O 17.Rxe7 Qxe7 18.Nd5 Qd8 19.Rg1 Kh8 20.Nxf6 gxf6 
21.Qd4 1-0

[Event "12th American Continental"]
[Site "Medellin COL"]
[Date "2017.06.12"]
[Round "4.92"]
[White "Parmet, Daniel Edward"]
[Black "Vallejo, Humberto"]
[Result "1-0"]
[WhiteElo "1870"]
[BlackElo "2059"]
[EventDate "2017.06.10"]
[PlyCount "41"]

1.d4 c5 2.d5 Nf6 3.c4 g6 4.Nc3 Bg7 5.e4 O-O 6.Nf3 e6 7.Bd3 exd5 8.exd5 
Re8+ 9.Be3 Ng4 10.O-O Nxe3 11.fxe3 Rxe3 12.Qd2 Re8 13.d6 Qb6 14.Qf4 Re6 
15.Rae1 Qxb2 16.Nd5 Nc6 17.Rb1 Qa3 18.Ng5 f5 19.Bxf5 Bd4+ 20.Kh1 Kg7 21.
Bxe6 1-0